Online Catalogue and eLibrary

Seven seas & seven mountains : (Record no. 217)

MARC details
000 -LEADER
fixed length control field 00499cam a2200193 a 4500
001 - CONTROL NUMBER
control field 12254938
005 - DATE AND TIME OF LATEST TRANSACTION
control field 20240129235721.0
008 - FIXED-LENGTH DATA ELEMENTS--GENERAL INFORMATION
fixed length control field 000915m20009999ii a b 000 0deng
020 ## - INTERNATIONAL STANDARD BOOK NUMBER
ISBN 8186706153
040 ## - CATALOGING SOURCE (பட்டியலாக்க மூலம்)
Original cataloging agency DLC
Transcribing agency DLC
Modifying agency DLC
082 00 - DDC Classification
Class No. 305.9
Item Number - Author Mark 21
-- LAK.
100 1# - MAIN ENTRY--PERSONAL NAME
Personal name Lakshmi, C. S.,
245 10 - TITLE STATEMENT
Title Seven seas & seven mountains :
Statement of responsibility, etc. C.S. Lakshmi.
260 ## - PUBLICATION, DISTRIBUTION, ETC.
Place of publication, distribution, etc. New Delhi :
Name of publisher, distributor, etc. Kali for Women,
Date of publication, distribution, etc. 2000.
300 ## - PHYSICAL DESCRIPTION
Extent (e.g. Volumes, Pages etc.) Iiii , 383 p.
650 #0 - SUBJECT ADDED ENTRY--TOPICAL TERM
Topical term or geographic name entry element Women musicians
650 #0 - SUBJECT ADDED ENTRY--TOPICAL TERM
Topical term or geographic name entry element Women dancers
942 ## - Koha item type (Biblio)
Koha item type Books in Stacks (Lending)
Holdings
Lost status Damaged status Collection code Home library Current library Date acquired Full call number Accession Number Item type
    Lending WERC Library WERC Library 01/30/2024 305.9 21 4574 Books in Stacks (Lending)

© WERC Library